| 000 | 00811nam a2200217Ia 4500 | ||
|---|---|---|---|
| 003 | GCL | ||
| 008 | 140319s9999 xx 000 0 ara d | ||
| 020 | _a8079209977 | ||
| 040 |
_aGCL / _cGCL |
||
| 082 | 0 | 4 |
_a327.117973 _bج ع |
| 100 | 1 | _aجلال امين | |
| 245 | 1 | 0 |
_aعولمة القهر : _bالولايات المتحدة والعرب والمسلمون قبل وبعد أحداث سبتمبر 2001 / _cجلال امين |
| 250 | _aالثانية | ||
| 260 |
_aالقاهرة : _bدار الشروق ، _c2005 |
||
| 300 |
_a189 ص ؛ _c24 سم |
||
| 650 | 0 | 4 | _aالجرائم الدولية |
| 650 | 0 | 4 | _aجرائم ضد الانسانية |
| 650 | 0 | 4 | _aالارهاب - الولايات المتحدة الامريكية |
| 650 | 0 | 4 | _aاحداث 11 سبتمبر - نتائج |
| 942 |
_2ddc _cBK |
||
| 999 |
_c9558 _d9558 |
||